Aspects of Land Policy in Assam: (Record no. 39311)
[ view plain ]
| 000 -LEADER | |
|---|---|
| fixed length control field | 00976nam a22001937a 4500 |
| 020 ## - INTERNATIONAL STANDARD BOOK NUMBER | |
| ISBN | 9788192351858 |
| 082 ## - DEWEY DECIMAL CLASSIFICATION NUMBER | |
| Classification number | 333.315416 |
| Item number | ASP- |
| 245 ## - TITLE STATEMENT | |
| Title | Aspects of Land Policy in Assam: |
| Sub Title | Continuity and Change |
| Statement of responsibility, etc | edited by Dinesh Ch. Baroowa, Priyam Goswami, Shiela, Bora and Sujatha Nayak |
| 260 ## - PUBLICATION, DISTRIBUTION, ETC. (IMPRINT) | |
| Place of publication | Guwahati: |
| Name of publisher | Vivekananda Kendra Institute of Culture, |
| Year of publication | 2012. |
| 300 ## - PHYSICAL DESCRIPTION | |
| Number of Pages | xii, 242p. |
| 520 ## - SUMMARY, ETC. | |
| Summary, etc | "Aspects of Land Policy in Assam: Continuity and Change" explores the evolution of land policies in Assam, focusing on their historical development, colonial legacies, and contemporary reforms. It examines the dynamics of land ownership, land use, and tenure systems that have shaped the socio-economic and political fabric of the region. |
| 650 ## - SUBJECT ADDED ENTRY--TOPICAL TERM | |
| Topical Term | Continuity and Change |
| Geographic subdivision | Assam |
| 650 ## - SUBJECT ADDED ENTRY--TOPICAL TERM | |
| Topical Term | Policy Challenges |
| 700 ## - ADDED ENTRY--PERSONAL NAME | |
| Personal name | Baroowa, Dinesh Ch. |
| Relator term | Ed. |
| 700 ## - ADDED ENTRY--PERSONAL NAME | |
| Personal name | Goswami, Priyam |
| Relator term | Ed. |
| 700 ## - ADDED ENTRY--PERSONAL NAME | |
| Personal name | Bora, Shiela |
| Relator term | Ed. |
| 700 ## - ADDED ENTRY--PERSONAL NAME | |
| Personal name | Nayak, Sujatha |
| Relator term | Ed. |
| 942 ## - ADDED ENTRY ELEMENTS (KOHA) | |
| Source of classification or shelving scheme | Dewey Decimal Classification |
| Koha item type | Books |
| Withdrawn status | Lost status | Damaged status | Not for loan | Home library | Current library | Date acquired | Source of acquisition | Cost, normal purchase price | Bill Date | Full call number | Accession Number | Cost, replacement price | Price effective from | Koha item type |
|---|---|---|---|---|---|---|---|---|---|---|---|---|---|---|
| NASSDOC Library | NASSDOC Library | 21/03/2024 | Overseas Press India Private Limited | 397.10 | 20-03-2024 | 333.315416 ASP- | 54398 | 550.00 | 24/05/2024 | Books |
